My lai 4 : A report on the massacre and its aftermath

A report on the slaughter of 102 South Vietnamese civilians in 1968, and the investigation into the actions of the American soldiers who were involved in this mass murder

Đã lưu trong:
Sonraí Bibleagrafaíochta
Príomhúdar: Hersh, Seymour M.
Formáid: Leabhar
Teanga:Undetermined
Foilsithe: New York Random House 1970
Ábhair:
Clibeanna: Cuir Clib Leis
Gan Chlibeanna, Bí ar an gcéad duine leis an taifead seo a chlibeáil!
Thư viện lưu trữ: Trung tâm Học liệu Trường Đại học Cần Thơ
LEADER 00757nam a2200205Ia 4500
001 CTU_229105
008 210402s9999 xx 000 0 und d
082 |a 959.704 
082 |b H572 
100 |a Hersh, Seymour M. 
245 0 |a My lai 4 : 
245 2 |b A report on the massacre and its aftermath 
245 0 |c Seymour M. Hersh 
260 |a New York 
260 |b Random House 
260 |c 1970 
520 |a A report on the slaughter of 102 South Vietnamese civilians in 1968, and the investigation into the actions of the American soldiers who were involved in this mass murder 
650 |a Thảm sát Mỹ Lai, Việt Nam, 1968,My Lai massacre, Vietnam, 1968 
910 |b dqhieu 
980 |a Trung tâm Học liệu Trường Đại học Cần Thơ